Southville International School and Colleges
Your cart is empty.
  • Cart
  • Lists
    Public lists Eva Luna New books Lux_list list_1
    Your lists Log in to create your own lists
  • Log in to your account
  • Your cookies
  • Search history
Southville International School and Colleges
  • Advanced search
  • Recent comments
  • Most popular
  • Libraries

Log in to your account

Log in with GOOGLE


If you do not have an external account, but do have a local account, you can still log in:

  1. Home
  2. MARC view: The Rules of work :
Normal view MARC view ISBD view

The Rules of work : (Record no. 357017)

[ view plain ]
MARC details
000 -LEADER
fixed length control field 00493nam a2200193Ia 4500
008 - FIXED-LENGTH DATA ELEMENTS--GENERAL INFORMATION
fixed length control field 180523s9999 xx 000 0 und d
020 ## - INTERNATIONAL STANDARD BOOK NUMBER
International Standard Book Number 978-0-273-66271-6
050 ## - LIBRARY OF CONGRESS CALL NUMBER
Classification number MAIN HF 5386
050 ## - LIBRARY OF CONGRESS CALL NUMBER
Item number .T46 2003
100 ## - MAIN ENTRY--PERSONAL NAME
Personal name Templar, Richard.
245 #4 - TITLE STATEMENT
Title The Rules of work :
245 #2 - TITLE STATEMENT
Remainder of title a definitive code for personal success /
245 #0 - TITLE STATEMENT
Statement of responsibility, etc Richaard Templar.
260 ## - PUBLICATION, DISTRIBUTION, ETC. (IMPRINT)
Place of publication, distribution, etc London :
260 ## - PUBLICATION, DISTRIBUTION, ETC. (IMPRINT)
Name of publisher, distributor, etc Pearson Education,
260 ## - PUBLICATION, DISTRIBUTION, ETC. (IMPRINT)
Date of publication, distribution, etc 2003
300 ## - PHYSICAL DESCRIPTION
Extent 219 pages :
300 ## - PHYSICAL DESCRIPTION
Dimensions 22 cm.
Holdings
Withdrawn status Lost status Damaged status Home library Current library Shelving location Date acquired Cost, normal purchase price Total Checkouts Full call number Barcode Date last seen Price effective from Koha item type
      South Mansfield College South Mansfield College   01/10/2008 539.00   MAIN HF 5386 .T46 2003 SMC04110 05/23/2018 05/23/2018  

The Rules of work :

APA

Templar R., .The Rules of work. London: .

Chicago

Templar Richard, .The Rules of work. London: .

Harvard

Templar R., .The Rules of work. London: .

MLA

Templar Richard, .London: . .

  • Place hold
  • Print
  • Cite
  • Add to your cart (remove)
  • Save record
    BIBTEX Dublin Core MARCXML MARC (non-Unicode/MARC-8) MARC (Unicode/UTF-8) MARC (Unicode/UTF-8, Standard) MODS (XML) RIS
  • More searches
    Search for this title in:
    Other Libraries (WorldCat) Other Databases (Google Scholar) Online Stores (Bookfinder.com) Open Library (openlibrary.org)

Exporting to Dublin Core...

SOUTHVILLE LIBRARY

Southville International School and Colleges Library

1281 Tropical Ave. Cor. Luxembourg St., BF Homes International, Las Pinas City

Tel. No. 8256374 / 252358 Loc. 117/146

Powered by Koha